| 000 | 01287nam a22002057a 4500 | ||
|---|---|---|---|
| 999 |
_c18860 _d18860 |
||
| 003 | BDDh-ASL | ||
| 005 | 20231015025738.0 | ||
| 008 | 201031s2009 b ||||| |||| 00| 0 b d | ||
| 040 |
_aBDDh-ASL _cBDDh-ASL |
||
| 041 | _aben | ||
| 082 |
_a297.72 _bASH |
||
| 110 | 1 |
_91760 _aকালচারাল কাউন্সেলরের দফতর, _bইসলামী প্রজাতন্ত্র ইরান দূতাবাস, |
|
| 245 | 1 | 0 |
_aআশুরা সংকলন : _bইমাম হোসাইন (আ.)-এর আন্দোলনের দর্শন ও শিক্ষা / _cকালচারাল কাউন্সেলরের দফতর, ইসলামী প্রজাতন্ত্র ইরান দূতাবাস, ঢাকা। |
| 246 | _aAshura Compilation (Philosophy and Lessons of the Movement of Imam Hoasin (A.S.) | ||
| 260 |
_aঢাকা : _bকালচারাল কাউন্সেলরের দফতর, ইসলামী প্রজাতন্ত্র ইরান দূতাবাস, ঢাকা, _c2009. |
||
| 300 |
_a২৫৬ পৃ. : _c২৪ সে. মি. |
||
| 650 | 0 |
_91758 _aআশুরা _xমহররম |
|
| 650 | 0 |
_91759 _aইমাম হোসেইন (আ.) |
|
| 942 |
_2ddc _cBK |
||